000 00341nam a22001457a 4500
008 210531b ||||| |||| 00| 0 eng d
020 _a9780072430561
041 _aeng
080 _217th
_a658
082 _a658
100 _a54
101 _aMEN
245 _aA Systems Approach to Small Group Interaction
_cTubbs,S.L
942 _2udc
_cBK
999 _c57848
_d57848